Fisiología humana /
Guardado en:
| Autor Principal: | |
|---|---|
| Otros Autores: | |
| Formato: | Libro |
| Publicado: |
Buenos Aires :
Continental,
1970
|
| Materias: | |
| Etiquetas: |
Agregar Etiqueta
Sin Etiquetas, Sea el primero en etiquetar este registro!
|
| LEADER | 00757nam a22002175a 4500 | ||
|---|---|---|---|
| 001 | CEM.cems004542 | ||
| 008 | 130507s1970##################000#0#####d | ||
| 005 | 20231108114320.0 | ||
| 245 | 1 | 0 | |a Fisiología humana / |
| 260 | |a Buenos Aires : |b Continental, |c 1970 | ||
| 300 | |a 510 p. | ||
| 505 | 0 | |a . -Piel, temperatura corporal; metabolismo; excreci¢n.-Sist. end¢crino. -REPRODUCCION: tipos de reprod. animal; ¢rganos sexuales; gestaci¢n; nacimiento; gen'tica; cidos nucleicos. | |
| 100 | 1 | |a Morrison, Thomas F. | |
| 700 | 1 | |a Cornett, Frederick D. | |
| 082 | 0 | 4 | |a 612 |
| 653 | |a Adn | ||
| 653 | |a Anatomia | ||
| 653 | |a Fisiologia humana | ||
| 653 | |a Genetica humana | ||
| 653 | |a Hombre-esqueleto | ||
| 859 | |a CEMS |b BIB. CEMS - Agricultura |h 612 |i M87 |p 7967.80 |t Ej.1 | ||
